000 004260000a22001810004500
003 MACL
005 20150910163023.0
008 150910b xxu||||| |||| 00| 0 eng d
040 _aMACL
_cMACL
041 _aEnglish
082 _a821/WIL
100 _aWillett, John
_99969
245 _aBertolt Brecht Poems
260 _bRadha Krishna
_c1979
_aNew Delhi
350 _a250
650 _aPoetry
_910022
942 _cBK
_k821
_2ddc
999 _c4043
_d4043